| 000 | 01260nam a22002657a 4500 | ||
|---|---|---|---|
| 005 | 20170124103152.0 | ||
| 010 | _aA-806752 | ||
| 020 | _c150.00 | ||
| 035 | _aA-806752 | ||
| 037 | _bCen Lib/Ret | ||
| 040 |
_aDPL _bHN |
||
| 082 |
_a523 _bचतुर्वे |
||
| 100 |
_aचतुर्वेदी, रामस्वरूप _945 |
||
| 245 |
_aग्रहों-नक्षत्रों का अन्तरिक्षी अध्ययन / _cरामस्वरूप चतुर्वेदी |
||
| 246 |
_aGrahon-nakshatron ka antarikshiya adhayayan / _bby Ram Swaroop Chaturvedi |
||
| 260 |
_aनई दिल्ली _bअलंकार प्रकाशन _c1996 |
||
| 270 |
_a3611, सुभाष मार्ग, दरियागंज _bनई दिल्ली _e110002 |
||
| 300 |
_a194पृ. _c21सेमी (सजिल्द) |
||
| 500 | _aसन्दर्भ सूची शामिल | ||
| 650 |
_aखगोल शास्त्र _988436 |
||
| 650 |
_aनक्षत्रों और ग्रहों का अध्ययन _988437 |
||
| 650 |
_aAstronomy _988438 |
||
| 650 |
_aStudy stars and planets _988439 |
||
| 942 |
_2ddc _cHN _h523 _mचतुर्वे |
||
| 999 |
_c120081 _d120081 |
||